00350nam a2200109Ia 4500008004100000020001500041082001900056100002000075245008900095260004100184300001500225161229s9999 xx 000 0 und d a8170997283 a380.141 JAG/EN aJagdish, Prasad aEncyclopaedia of agricultural Marketing Vol. 1: Concepts issues problems & prospects bMittal PublicationsaNew Delhic1999 axxxvi, 260